Estudio geológico de los alrededores de Sineu y del Puig de Sant Onofre (región central de Mallorca) / (Record no. 174172)

MARC details
000 -LEADER
campo de control de longitud fija 01173namaa2200241 i 4500
001 - NÚMERO DE CONTROL
campo de control 174172
003 - IDENTIFICADOR DE NÚMERO DE CONTROL
campo de control ES-MaACL
005 - FECHA Y HORA DE LA ÚLTIMA TRANSACCIÓN
campo de control 20250815105807.0
008 - DATOS DE LONGITUD FIJA--INFORMACIÓN GENERAL
campo de control de longitud fija 100301s1925 sp | |||| ||spa d
080 ## - NÚMERO DE LA CLASIFICACIÓN DECIMAL UNIVERSAL
Número de la Clasificación Decimal Universal 55(460.32 Mallorca)
100 1# - ENTRADA PRINCIPAL--NOMBRE DE PERSONA
Nombre de persona Darder Pericás, Bartolomé.
9 (RLIN) 42700
245 10 - MENCIÓN DEL TÍTULO
Título Estudio geológico de los alrededores de Sineu y del Puig de Sant Onofre (región central de Mallorca) /
Mención de responsabilidad, etc. por Barlolomé Darder Pericás ; con notas paleontológicas de Charles Déperet y de Paul Fallot.
260 ## - PUBLICACIÓN, DISTRIBUCIÓN, ETC.
Lugar de publicación, distribución, etc. Madrid :
Nombre del editor, distribuidor, etc. Junta para Ampliación de Estudios e Investigaciones Científicas,
Fecha de publicación, distribución, etc. 1925 (
Fabricante José Molina)
300 ## - DESCRIPCIÓN FÍSICA
Extensión 80 p., IV lám. :
Otras características físicas il. ;
Dimensiones 23 cm.
490 1# - MENCIÓN DE SERIE
Mención de serie Trabajos del Museo Nacional de Ciencias Naturales. Serie geológica ;
Designación de volumen o secuencia 34
650 #4 - PUNTO DE ACCESO ADICIONAL DE MATERIA--TÉRMINO DE MATERIA
Término de materia o nombre geográfico como elemento de entrada Geología-
Subdivisión geográfica Mallorca.
9 (RLIN) 142265
700 0# - ENTRADA AGREGADA--NOMBRE PERSONAL
Nombre de persona Deperet, Charles.
9 (RLIN) 43752
700 0# - ENTRADA AGREGADA--NOMBRE PERSONAL
Nombre de persona Fallot, Paul.
9 (RLIN) 48772
710 2# - ENTRADA AGREGADA--NOMBRE DE ENTIDAD CORPORATIVA
Nombre de entidad corporativa o nombre de jurisdicción como elemento de entrada Junta para la Ampliación de Estudios e Investigaciones Científicas.
9 (RLIN) 5413
830 00 - PUNTO DE ACCESO ADICIONAL DE SERIE-TÍTULO UNIFORME
Título uniforme Trabajos del Museo Nacional de Ciencias Naturales.
Nombre de parte o sección de la obra Serie geológica
Designación de volumen o secuencia 34
9 (RLIN) 189286
852 ## - LOCALIZACIÓN
Ubicación ES-MaACL
Número de control de estantería B-13132(1)
Nota libre .- Encuadernado con otras obras
Holdings
Estatus retirado Estado de pérdida Estado de daño No para préstamo Biblioteca de origen Biblioteca actual Ubicación en estantería Fecha de adquisición Fuente de adquisición Total de préstamos Signatura topográfica completa Código de barras Visto por última vez Precio de reemplazo Tipo de ítem Koha
        Biblioteca del Ateneo de Madrid Biblioteca del Ateneo de Madrid Sala Pardo Bazán 01/03/2010     B-13132(1) 1182823 23/02/2023 23/02/2023 Libro impreso